000
00339nam a2200145Ia 4500
008
100122s9999 xx 000 0 und d
082
_b
6364
_a
821
100
_a
निरंतर ग भा
245
_a
मधुघट
260
_c
1948
300
_a
60
630
_a
मधुघट
730
_a
मधुघट
942
_c
BOOK
999
_c
399400
_d
399397